Tratado de la pintura
Guardat en:
| Autor principal: | |
|---|---|
| Format: | Llibre |
| Idioma: | espanyol |
| Publicat: |
Buenos Aires
Losada
1944
|
| Matèries: | |
| Etiquetes: |
Afegir etiqueta
Sense etiquetes, Sigues el primer a etiquetar aquest registre!
|
MARC
| LEADER | 00000nam a2200000 a 4500 | ||
|---|---|---|---|
| 001 | UCU8630 | ||
| 003 | CL-VaPUC | ||
| 008 | 960802e19440000AG |||||||||||||||||spa|d | ||
| 082 | 0 | 4 | |a 750.1 |b LEO |2 21 |
| 100 | |a Da Vinci, Leonardo |e author |9 860455 | ||
| 245 | 1 | 0 | |a Tratado de la pintura |
| 300 | |a 398 p | ||
| 942 | |c BK | ||
| 945 | |d 19960802 00:00:00 |a rbrito | ||
| 260 | |a Buenos Aires |b Losada |c 1944 | ||
| 650 | 0 | |a Filosofía del arte |9 264951 | |
| 650 | 0 | |a Pintura |9 265046 | |
| 650 | 0 | |a Artistas visuales |9 338766 | |
| 650 | 0 | |a Obras de arte |9 337253 | |
| 583 | |a last modification |c 20121001 12:33:34 |k Rodrigo Vera | ||
| 999 | |c 250904 |d 250902 | ||
| 952 | |0 0 |1 0 |4 0 |6 750_100000000000000_LEO_1944 |7 0 |8 A |9 269623 |a BIBARQ |b BIBARQ |d 2019-11-19 |i 3217884 |l 2 |o 750.1 LEO 1944 |p 3217884 |r 2025-03-27 |s 2025-03-18 |w 2019-11-19 |y BK |k ARQ | ||